Statistics for NASCAR Xfinity Cup Champions

Click here to take the quiz!

General Stats

  • This quiz has been taken 236 times
  • The average score is 15 of 32

Answer Stats

SeasonDriver% Correct
2009Kyle Busch
85%
1999Dale Earnhardt, Jr.
80%
1998Dale Earnhardt, Jr.
80%
2010Brad Keselowski
73%
2014Chase Elliott
72%
2006Kevin Harvick
71%
2001Kevin Harvick
71%
2012Ricky Stenhouse, Jr.
67%
2011Ricky Stenhouse, Jr.
67%
2007Carl Edwards
64%
2015Chris Buescher
63%
2013Austin Dillon
62%
2004Martin Truex, Jr.
59%
2005Martin Truex, Jr.
59%
2008Clint Bowyer
50%
2002Greg Biffle
47%
1991Bobby Labonte
43%
2003Brian Vickers
35%
1996Randy LaJoie
31%
1997Randy LaJoie
31%
2000Jeff Green
30%
1984Sam Ard
27%
1992Joe Nemechek
26%
1985Jack Ingram
25%
1995Johnny Benson
22%
1987Larry Pearson
22%
1986Larry Pearson
22%
1994David Green
19%
1989Rob Moroso
13%
1993Steve Grissom
12%
1990Chuck Bown
11%
1988Tommy Ellis
11%

Score Distribution

Percentile by Number Answered

Percent of People with Each Score

Your Score History

You have not taken this quiz